|
|
|
|
| LEADER |
00000nam0a2200000 4500 |
| 001 |
78205 |
| 005 |
20231031093742.0 |
| 035 |
|
|
|a (RuTPU)RU\TPU\book\83818
|
| 090 |
|
|
|a 78205
|
| 100 |
|
|
|a 20050614d1976 k y0rusy50 ca
|
| 101 |
0 |
|
|a rus
|
| 102 |
|
|
|a RU
|
| 105 |
|
|
|a a z 001zy
|
| 200 |
1 |
|
|a Минералогия и геохимия железорудных месторождений юга Сибирской платформы
|f В. А. Вахрушев, А. Е. Воронцов
|g Сибирское отделение АН СССР; Институт геохимии; Под ред. В. А. Кузнецова
|
| 210 |
|
|
|a Новосибирск
|c Наука
|d 1976
|
| 215 |
|
|
|a 199 с.
|c ил.
|
| 320 |
|
|
|a Библиогр.: с. 121-126
|
| 610 |
1 |
|
|a минералогия
|
| 610 |
1 |
|
|a геохимия
|
| 610 |
1 |
|
|a железорудные месторождения
|
| 610 |
1 |
|
|a Сибирская платформа
|
| 610 |
1 |
|
|a руды
|
| 610 |
1 |
|
|a скарны
|
| 610 |
1 |
|
|a магнетиты
|
| 610 |
1 |
|
|a химический состав
|
| 610 |
1 |
|
|a рудообразование
|
| 675 |
|
|
|a 553.31
|v 3
|
| 700 |
|
1 |
|a Вахрушев
|b В. А.
|g Валентин Александрович
|
| 701 |
|
1 |
|a Воронцов
|b А. Е.
|g Александр Егорович
|
| 702 |
|
1 |
|a Кузнецов
|b В. А.
|4 340
|
| 712 |
0 |
2 |
|a Академия наук СССР (АН СССР)
|b Сибирское отделение (СО)
|b Институт геохимии им. А. П. Виноградова (ИГХ)
|c (Иркутск)
|2 stltpush
|3 (RuTPU)RU\TPU\col\1687
|
| 801 |
|
1 |
|a RU
|b 63413507
|c 20050614
|g PSBO
|
| 801 |
|
2 |
|a RU
|b 63413507
|c 20141128
|g PSBO
|
| 942 |
|
|
|c BK
|